000 01499nam0a22003611 4500
001 rc\2243990
005 20110826160902.9
035 _a(NLR Aleph) 006535614
090 _a6581136
_c6581136
100 _a20110826d1978 |||y0rusy50 ca
101 0 _arus
102 _aRU
105 _ay z |||||
200 1 _aВопросы экономической политики партии в курсе истории КПСС
_f[Т.И. Акиндинова, А.Б. Арутюнян, И.Е. Горелов и др.]
_gПод ред. И.С. Зотова и Н.Г. Нефедова
210 _aМосква
_cВысш. школа
_d1978
215 _a160 с.
_d20
601 0 2 _aКПСС
_xИстория
_xМетодика преподавания
_2psbo
606 _aЭкономическая политика СССР
_xИзучение в высшей
_2psbo
686 _aФ61(2)43,02
_2rubbk
686 _aФ61(2)27-43,02
_2rubbk
686 _aУ9(2)0-18-03,0
_2rubbk
701 1 _aГорелов
_bИ. Е.
_f1933-2013
_gИгнат Ефимович
_3RU\NLR\AUTH\7716911
701 1 _aАкиндинова
_bТ. И.
_gТатьяна Ивановна
701 1 _aАрутюнян
_bА. Б.
702 1 _aЗотов
_bИ. С.
_gИван Сергеевич
_4340
702 1 _aНефедов
_bН. Г.
_4340
801 0 _aRU
_bNLR
_gpsbo
801 1 _aRU
_bELAR
_2rusmarc
852 _aNLR
_j78-3/8679
899 _aRuMoRGB
_jБ 78-23/2062
899 _aRuMoRGB
_jБ 78-23/2063
942 _cBOOK
980 _aNB